00680nam a2200217Ia 4500003000400000005001700004008004100021020001800062040000700080041000800087082002000095100003400115245003500149260004500184300001500229365001400244906003500258942001200293999001900305952013800324OSt20230516094612.0210423s2012 xx 000 0 und d a9789350300602 cAL aeng a613.28 SHAA223 aSHARMA (Ashok kumar).9104609 aHuman nutrition and dietetics. aNew DelhibOxford University Pressc2012 avi,232bHB b1795cINR adietetics. ; Human ; nutrition 2ddccBK c164757d164757 001040708BIOCaSACPGbSACPGd2013-03-22eKiran Book Centreg1795.00l0o613.28 SHAApPG011255r2022-08-24 00:00:00w2021-04-26yBK